000
00264nam a22001097a 4500
082
_a
080/PEA
100
_a
Peale,Norman Vincent
_9
82311
245
_a
THE ART OF LIVING
260
_a
Mumbai
_b
JaicoPublishing House
_c
2018
650
_a
General Collection
942
_c
BK
999
_c
67689
_d
67689